| 000 | 03280nam a22008057a 4500 | ||
|---|---|---|---|
| 001 | 4883409 | ||
| 003 | LIBRIS | ||
| 005 | 20241030090832.0 | ||
| 008 | 011211s1997 xxu|||||||||||001 0|eng|c | ||
| 020 |
_a0393318486 _qhft. |
||
| 020 | _a0393045358 | ||
| 020 | _z0393045458 | ||
| 040 |
_aeng _ea _beng _cDLC |
||
| 041 | _aeng | ||
| 080 |
_a15 _bP-65 |
||
| 082 | 0 | 4 |
_a153 _222 |
| 084 |
_aDoe _2kssb/6 |
||
| 084 |
_aDod _2kssb/6 |
||
| 084 |
_aDoe _2kssb/6 |
||
| 084 |
_aDod _2kssb/6 |
||
| 084 |
_aDoe _2kssb/6 |
||
| 100 | 1 | _aPinker, Steven | |
| 245 | 0 | 0 |
_aHow the mind works / _cSteven Pinker. |
| 260 |
_aNew York, N.Y. _bNorton, _ccop. 1997 |
||
| 300 |
_axii, 660 s. _bill. |
||
| 650 | 7 |
_aKognitiv psykologi _0https://id.kb.se/term/sao/Kognitiv%20psykologi _2sao |
|
| 650 | 0 |
_aPsychology _9134 |
|
| 650 | 7 |
_aNeuropsykologi _0https://id.kb.se/term/sao/Neuropsykologi _2sao |
|
| 650 | 0 | _aCognitive neuroscience | |
| 650 | 0 | _aNeuropsychology | |
| 650 | 0 | _aNatural selection | |
| 650 | 0 | _aHuman evolution | |
| 650 | 0 | _aCognitive psychology | |
| 650 | 0 | _aNeuropsychology | |
| 650 | 4 | _aNeuropsykologi | |
| 650 | 4 | _aKognitiv psykologi | |
| 653 | _aფსიქოლოგია | ||
| 653 | _aკოგნიტური ფსიქოლოგია | ||
| 653 | _aნეიროფსიქოლოგია | ||
| 887 |
_a{"@id":"zg81z59901dvhr5","modified":"2014-11-06T09:10:43+01:00","checksum":"100469691046"} _2librisxl |
||
| 887 |
_a{"@id":"sx3pqvbz2t0v9n0","modified":"2014-11-06T09:09:20+01:00","checksum":"54584092626"} _2librisxl |
||
| 887 |
_a{"@id":"tz4qrwd00xvjffk","modified":"2014-11-06T09:09:08+01:00","checksum":"40558832372"} _2librisxl |
||
| 887 |
_a{"@id":"w16stzg24kz9cw9","modified":"2014-08-13T14:26:20+02:00","checksum":"36291157709"} _2librisxl |
||
| 887 |
_a{"@id":"x27tv0h3423gszc","modified":"2011-06-29T13:56:25+02:00","checksum":"48466721722"} _2librisxl |
||
| 887 |
_a{"@id":"15bxz3l64f1hbwn","modified":"2018-06-05T17:41:30.659+02:00","checksum":"45581112062"} _2librisxl |
||
| 887 |
_a{"@id":"z38vw1j4127zklb","modified":"2018-06-05T17:41:30.653+02:00","checksum":"40175763254"} _2librisxl |
||
| 887 |
_a{"@id":"049wx2k521xnspg","modified":"2014-08-01T13:12:27+02:00","checksum":"42363767584"} _2librisxl |
||
| 942 |
_2udc _cBK |
||
| 999 |
_c523 _d523 |
||